| 000 | 00742nam a2200229Ii 4500 | ||
|---|---|---|---|
| 003 | JO-AjNU | ||
| 008 | 230605s9999||||xx |||||||||||||| ||und|| | ||
| 017 | _a2007/5169 | ||
| 020 | _a979-368-163-9 | ||
| 040 |
_aJO-AjNU _bara _erda _cJO-AjNU |
||
| 041 | _aara | ||
| 050 | 1 | 4 | _aG155 2011 |
| 100 | 3 |
_aالشريعي، طارق عبد الفتاح, _eauthor _932769 |
|
| 245 | 0 | 0 | _aالتسويق السياحي والفنقي |
| 250 | _aط2 | ||
| 264 | 3 | 1 | _aالاسكندرية: مؤسسة حورس الدولية، 2009 |
| 300 | _a236ص | ||
| 336 |
_atext _btxt _2rdacontent |
||
| 337 |
_aunmediated _bn _2rdamedia |
||
| 338 |
_avolume _bnc _2rdacarrier |
||
| 650 | 4 |
_aالتسويق السياحي-التسويق القندقي _932770 |
|
| 999 |
_aA13267 _c16835 _d16835 |
||